000 01239nam a22002537a 4500
005 20100315102214.0
008 100315t xxu||||| |||| 00| 0 hin d
010 _aHIN-89148
020 _c45.00
035 _aHN-61494
037 _bDBAD / PUB
040 _aDPL
_bHN
082 _a821
100 _aलक्ष्मीनारायण सिंह
_917198
245 _aक्रूरकर्मा ताड़का और स्वाभिमानी बालि /
_cलक्ष्मीनारायण सिंह
246 _aKroorkarma Tadka aur Swabhimanee Bali
_bby Lakshminarayan Singh
260 _aबेगूसराय
_bप्रमोद प्रसाद सिंह
_c2009
270 _aदीनेश्वरी पार्क, विश्वनाथ नगर
_bबेगूसराय
_e851101
300 _a48पृ
_c22सेमी (अजिल्द)
650 _aहिन्दी कविता
_9697
650 _aHindi poetry
_9698
942 _2ddc
_cHN
_mलक्ष्मीना
999 _c34688
_d34688